000 00494nam a2200181Ia 4500
008 160105s9999 xx 000 0 und d
041 _afre
100 _aKREIDIK, D.
245 _aPotassium dans les sols d'Algérie et utilisation des engrais potassiques
260 _aAlger
260 _bINRAA
260 _c1968
300 _btabl.
654 _xPOTASSIUM/SOL/ENGRAIS/PLANTE/AGRICULTURE/RECHERCHE/EXPERIMENTATION/ALGERIE
942 _c10
994 _a113609
999 _c13396
_d41394